Λογιστική εταιρειών : τεχνικά επαγγελματικά εκπαιδευτήρια τομέας οικονομίας και διοίκησης : Β' τάξη 1ου κύκλου (βιβλίο μαθητή) ειδικότητα Υπαλλήλων Οικονομικών Υπηρεσιών

Αποθηκεύτηκε σε:
Λεπτομέρειες βιβλιογραφικής εγγραφής
Κύριος συγγραφέας: Εφραιμίδης, Ιωάννης Κ.
Συγγραφή απο Οργανισμό/Αρχή: Υπουργείο Εθνικής Παιδείας και Θρησκευμάτων Παιδαγωγικό Ινστιτούτο
Άλλοι συγγραφείς: Φίλης, Αθανάσιος
Μορφή: Βιβλίο
Γλώσσα:Greek
Δημοσίευση: Αθήνα : Οργανισμός Εκδόσεως Διδακτικών Βιβλίων, 1999.
Θέματα:
Ετικέτες: Προσθήκη ετικέτας
Δεν υπάρχουν, Καταχωρήστε ετικέτα πρώτοι!

MARC

LEADER 00000cam a2200000 i 4500
001 1/73231
008 050311s1999 gr | ||| |||| ||gre||
035 |l 10077040 
040 |a GR-MyUA  |b gre  |e AACR2 
041 0 |a gre 
082 0 |a 657.9  |2 (21) 
100 1 |a Εφραιμίδης, Ιωάννης Κ. 
110 2 |a Υπουργείο Εθνικής Παιδείας και Θρησκευμάτων  |b Παιδαγωγικό Ινστιτούτο. 
245 1 0 |a Λογιστική εταιρειών :   |b τεχνικά επαγγελματικά εκπαιδευτήρια τομέας οικονομίας και διοίκησης : Β' τάξη 1ου κύκλου (βιβλίο μαθητή) ειδικότητα Υπαλλήλων Οικονομικών Υπηρεσιών /   |c Εφραιμίδης Κ. Ιωάννης, Φίλης Θ. Αθανάσιος.  
260 |a Αθήνα :   |b Οργανισμός Εκδόσεως Διδακτικών Βιβλίων,   |c 1999.  
300 |a 233 σ. :   |b εικ. ;   |c 24 εκ.  
650 0 0 |a Accounting. 
700 1 |a Φίλης, Αθανάσιος. 
852 |a INST  |b SAMOS  |e 20050311  |h 657.9 ΕΦΡ  |p 005300025289  |q 005300025289  |t BK  |y 0 
901 |a BIBL3-2005-1 
909 |a Σ  |b 114396 
970 |a ΜΑΛΑΓΑΡΗ  |b ΦΩΤΕΙΝΗ  |z 2005/03/11